000 00687nam a22002411 4500
001 51861
003 BD-RjUL
005 20211209075724.0
008 160904s1968 enkb b 000 0 eng
035 _a(BD-RjUL) 51981
040 _aDLC
_cDLC
_dDLC
_beng
041 _aeng
082 0 0 _a324.941
_222
_bKIB 1968
100 1 _aKinnear, Michael.
_9155132
245 1 4 _aThe British voter :
_ban atlas and survey since 1885 /
_cMichael Kinnear
260 _aLondon :
_bBatsford,
_c1968.
300 _a158 p. :
_bill. ;
_c31 cm.
350 _a5/5/-
504 _aBibliography: p. 139-141.
610 1 0 _aGreat Britain.
_bParliament
_9155136
942 _2ddc
_cBK
999 _c51861
_d51861